LOTR: Residents of Middle-Earth: Minas Tirith - Statistics

General Stats
  • This quiz has been taken 48 times
  • The average score is 19 of 56
Answer Stats
Answer % Correct
Boromir
100%
Boromir
100%
Denethor I
100%
Denethor II
100%
Faramir
100%
Faramir
100%
Elessar
84%
Arwen
74%
Pippin
68%
Ecthelion I
61%
Ecthelion II
61%
Merry
61%
Beregond
58%
Beregond
58%
Eldarion
48%
Bergil
45%
Finduilas
42%
Eärnur
35%
Húrin I
35%
Húrin II
35%
Beren
32%
Eärnil II
32%
Ioreth
32%
Mardil Voronwë
32%
Túrin I
29%
Túrin II
29%
Cirion
26%
Barahir
23%
Belecthor I
19%
Belecthor II
19%
Dior
19%
Hador
19%
Turgon
19%
Vorondil
19%
Hallas
16%
Morwen
16%
Belegorn
13%
Egalmoth
13%
Eradan
13%
Fíriel
13%
Herion
13%
Narmacil II
13%
Ondoher
13%
Orodreth
13%
Thorondir
13%
Artamir
10%
Borlas
10%
Pelendur
10%
Tarondor
10%
Telumehtar Umbardacil
6%
Arciryas
3%
Calimehtar
3%
Calimmacil
3%
Minohtar
3%
Rían
3%
Siriondil
3%
No matching quizzes found
Score Distribution
Percent of People with Each Score
Percentile by Number Answered
Your Score History
You have not taken this quiz